Avez-vous vu le film Le Grinch ? - Statistiques

Statistiques générales
  • Ce quiz a été pris 224 fois
  • Le résultat moyen est 7 sur 10
Statistiques - réponses
Question Réponse % Correct
Comment se nomme le chien du Grinch ? Max
92%
Quel acteur interprète le Grinch ? Jim Carrey
89%
Où se rencontrent Cindy Lou et le Grinch pour la première fois ? A la poste
76%
Que promet de faire le Grinch si une personne ose l'appeler au téléphone ? De l'attraper, l'étrangler et l'étriper
76%
De qui le Grinch est-il amoureux ? Martha
72%
Qu'offre le maire de la ville au Grinch lors de la cérémonie célébrant le Charivaroi ? Un rasoir électrique
68%
De quelle couleur sont les yeux du Grinch ? Jaunes
67%
Comment arrivent les bébés Chous ? Ils arrivent dans des paniers volants
66%
Comment s'appelle la montagne où vit le Grinch ? Le Mont Crumpit
49%
De combien de taille grandit le coeur du Grinch ? 3 tailles et demi
37%
Aucun quiz correspondant
Distribution des résultats
% des personnes avec chaque résultat
Percentile par nombre de réponses
Votre historique - résultats
Vous n’avez pas pris ce quiz